|
|
|
|
| LEADER |
00947nab#a2200325#ar4500 |
| 001 |
000019082 |
| 003 |
SVKKK |
| 005 |
00000000000000.0 |
| 008 |
c xo e sloo |
| FMT |
|
|
|
| 038 |
|
|
|a SVKKK
|
| 040 |
|
|
|a SVKKK
|b slo
|e AACR2
|
| 041 |
0 |
|
|a slo
|
| 044 |
|
|
|a xo
|c SK
|
| 080 |
|
|
|a 82.0
|2 1981
|
| 080 |
|
|
|a 885.
|2 1981
|
| 100 |
1 |
|
|a Zambor, Ján
|4 aut
|
| 245 |
1 |
0 |
|a Poézia boľavého života
|c Zambor Ján,
|
| 600 |
1 |
4 |
|a Zambor, Ján,
|d 1947,
|x spisovateľ slov.
|
| 650 |
0 |
4 |
|a literatúra slovenská
|x recenzie
|
| 650 |
0 |
4 |
|a zbierky básnické
|z Richter, Milan : Spoza zamatových opôn
|
| 773 |
0 |
|
|t Literika
|x 1335-180X
|g Roč. 3, č. 4(1998), s. 122-123
|
| 787 |
0 |
8 |
|i Recenze na:
|a Richter, Milan
|t Spoza zamatových opôn
|d Bratislava : Slovenský spisovateľ, 1997
|x 1335-180X
|
| 957 |
|
|
|a Tušická Nová Ves
|
| 958 |
|
|
|a MI
|
| 974 |
|
|
|d 990107
|a Fav
|
| 992 |
|
|
|a RBX
|
| BAS |
|
|
|
| 852 |
|
|
|a SVKKK
|b BIB
|
| 998 |
|
|
|a REG
|